Normal view
MARC view
- Venturi, Franco
Entry Personal Name
001 - CONTROL NUMBER
- control field: 48886
003 - CONTROL NUMBER IDENTIFIER
- control field: NUST
005 - DATE AND TIME OF LATEST TRANSACTION
- control field: 20210314134201.0
008 - FIXED-LENGTH DATA ELEMENTS
- fixed length control field: 210314|| aca||aabn | a|a d
040 ## - CATALOGING SOURCE
- Original cataloging agency: NUST
- Transcribing agency: NUST
100 ## - HEADING--PERSONAL NAME
- Personal name: Venturi, Franco
670 ## - SOURCE DATA FOUND
- Source citation: Work cat.: (NUST): Venturi, Franco., Utopia and reform in the Enlightenment., 1971 [i.e. 1970]
